1553 1257 1979 1212 1642 1992 1035 1611 1808 1737 1164 1827 1870 1934 1472 1902 1256 1250 1428 1692 1116 1509 1487 1132 1791 1211 1020 1496 1060 1745 1991 1557 1805 1481 1271 1303 1856 1539 1933 1637 1541 1679 1887 1453 1604 1479 1843 1842 1844 1881 1496 1503 1997 1695 1715 1653 1180 1818 1507 1013 1468 1706 1529 1959 1871 1488 1023 1719 1032 1950 1745 1002 1935 1992 1090 1552 1497 1870 1807 1398 1668 1044 1877 1711 1175 1657 1262 1845 1480 1638 1840 1128 1448 1363 1826 1933 1648 1184 1739 BCNSPRNW ULIB Ver.6.0+V

เปลี่ยนเป็นภาษาไทย

Change to English
 แสดงรายละเอียดบรรณานุกรม
  กลับหน้าหลัก

Brief Record : Get Marc (ISO 2709) : E-mail record : QR code < ปิดหน้าต่าง
LEADER : 00000nam 2200000uu 4500
001    13399122892
003     ULIB
008    131025s2549||||th 000 0 tha d
020    ^a974-415-106-4 : ^c400 บาท
050  4 ^aSB409^bร243ก
100  0  ^aระพี สาคริก
245  1  ^aกล้วยไม้สำหรับผู้เริ่มต้น /^cระพี สาคริก.
250    ^aพิมพ์ครั้งที่ 3.
260    ^aกรุงเทพฯ : ^bโครงการส่งเสริมคุณธรรมและการศึกษา, ^c2549.
300    ^a222 หน้า : ^bภาพประกอบ.
650    4 ^aกล้วยไม้
650    4 ^aกล้วยไม้^xการเลี้ยง
650    4 ^aกล้วยไม้^xการขยายพันธุ์
945    ^p400^l0^i034110
999    ^aเกษร โพธิ์สุวรรณ
รายการนี้ยังไม่มีแท็ก
คุณยังไม่ได้ล็อกอิน คุณสามารถมีกิจกรรมร่วมกับเว็บไซต์ได้ แต่ต้องล็อกอินก่อน ::
  ล็อกอิน

รายการสื่อสารสนเทศ

ลำดับที่ ประเภท เลขเรียก/บาร์โค้ด สถานที่ สถานะ
1. Book การพยาบาล
หนังสือสำรอง
สถานะ=หนังสือสำรอง
SB409 ร243ก ฉ.1 
  Barcode: 034110
ห้องสมุดวิทยาเขตสวรรค์ประชารักษ์
►หนังสือทั่วไป
บนชั้น

รายการใกล้เคียง
    ผู้แต่ง [ระพี สาคริก]

BibComment


ยังไม่เคยถูกคอมเมนท์

คอมเมนท์ทรัพยากรรายการนี้
  คอมเมนท์: กล้วยไม้สำหรับ..


 Copyright 2026. Bcnsprnw @Library